Music Quiz

Random Music or Album Quiz

5 Album Runs Quiz Stats

 Plays Quiz Updated Mar 4, 2020

Support Sporcle.
Go Orange.
Score 0/45 Timer 12:00
0 Plays Today
% Correct
Sgt. Pepper's etc.
79.3%
The Beatles
77.7%
The Dark Side of the Moon
76.4%
Revolver
76.2%
The Wall
72.2%
Rubber Soul
70.9%
Hotel California
70.9%
Born in the U.S.A.
69.3%
Yellow Submarine
59.8%
Metallica
58.2%
Tommy
57.2%
Wish You Were Here
56.3%
Who's Next
55.1%
Blonde on Blonde
54.3%
Master of Puppets
53.7%
Animals
52%
Sticky Fingers
48.5%
Exile on Main St.
48.3%
Highway 61 Revisited
47.5%
Quadrophenia
47.2%
Nebraska
45.3%
Let It Bleed
42.3%
...And Justice For All
41.6%
% Correct
Ride the Lightning
40.9%
The River
38.5%
Beggars Banquet
36.1%
Load
35.3%
Darkness on the Edge of Town
34.6%
Who Are You
33.5%
Goats Head Soup
30.8%
Tunnel of Love
30.2%
Desperado
29.7%
The Final Cut
27.3%
Green River
26.4%
Cosmo's Factory
26.4%
The Long Run
25.9%
The Who by Numbers
24%
Nashville Skyline
22%
Bringing It All Back Home
21.8%
John Wesley Harding
21.3%
Willy and the Poor Boys
18.8%
One of These Nights
16.9%
On the Border
13.1%
Bayou Country
11.7%
Pendulum
11%

You're not logged in!

Compare scores with friends on all Sporcle quizzes.
OR
Log In

From the Vault

Tiny Almost Useless Trivia XIX

by sproutcm

Why is it that tiny things are so much cuter than their real-size counterparts?
Remove Ads.
Support Sporcle.
Get the best of Sporcle when you Go Orange. This ad-free experience offers more features, more stats, and more fun while also helping to support Sporcle. Thank you for becoming a member.

Show Comments

Extras

Top Quizzes Today


Score Distribution

Your Account Isn't Verified!

In order to create a playlist on Sporcle, you need to verify the email address you used during registration. Go to your Sporcle Settings to finish the process.

Report this User

Report this user for behavior that violates our Community Guidelines.

Details: